| 000 | 00487nam a2200145 4500 | ||
|---|---|---|---|
| 001 | 132273 | ||
| 003 | ES-MaACL | ||
| 007 | t| | ||
| 008 | 070214s1982 sp r ||||1| spa d | ||
| 100 | 1 |
_aRoldán Barbero, Horacio. _999144 |
|
| 245 | 1 | 3 |
_aEl dinero _b: objeto fundamental de la sanción penal : un estudio histórico de la moderna pena de la multa / _cHoracio Roldán Barbero. |
| 260 |
_aMadrid : _bAkal, _c1982. |
||
| 300 |
_a107 p. ; _c22 cm. |
||
| 852 |
_aES-MaACL _jL-4257 _bR.104935 |
||
| 999 |
_c132273 _d132273 |
||